000 nam a22 a 4500
999 _c3206
_d3206
003 AKMAL
005 20170519164315.0
008 170519s1992 xxk 00 eng d
020 _a0749405317 (pbk.):
_cRM 75.05
040 _aAKMAL
_cAKMAL
082 0 4 _a658.312404 HOL
090 _a658.312404
_bHOL
100 1 _aHoldaway, Keith
_96598
245 1 4 _aThe in-house trainer as consultant /
_cKeith Holdaway, Mike Saunders
260 _aLondon :
_bKogan Page in association with the Institute of Training and Development,
_c1992
300 _a136p. ;
_c20cm
942 _2ddc
_cBOOK